书目信息 |
| 题名: |
概率论与数理统计
|
|
| 作者: | 杨宏 , 孙晋易 主编 | |
| 分册: | ||
| 出版信息: | 北京 北京大学出版社 2025.01 |
|
| 页数: | 179页 | |
| 开本: | 26cm | |
| 丛书名: | ||
| 单 册: | ||
| 中图分类: | O21 | |
| 科图分类: | ||
| 主题词: | 概率论--gai lv lun--高等学校--教材 , 数理统计--shu li tong ji--高等学校--教材 | |
| 电子资源: | ||
| ISBN: | 978-7-301-35831-3 | |
| 000 | 01131nam0 2200301 450 | |
| 001 | 93149 | |
| 005 | 20250818194208.19 | |
| 010 | @a978-7-301-35831-3@dCNY45.00 | |
| 099 | @aCAL 012025033454 | |
| 100 | @a20250401d2025 emky0chiy50 ea | |
| 101 | 0 | @achi |
| 102 | @aCN@b110000 | |
| 105 | @aak a 000yy | |
| 106 | @ar | |
| 200 | 1 | @a概率论与数理统计@Agai shuai lun yu shu li tong ji@e基于R语言@f主编杨宏, 孙晋易 |
| 210 | @a北京@c北京大学出版社@d2025.01 | |
| 215 | @a179页@c图@d26cm | |
| 306 | @a西北师范大学教材建设项目资助出版 | |
| 320 | @a有书目 | |
| 330 | @a本书主要章节目录如下: 第1章概率论的基本概念, 第2章随机变量及其分布, 第3章多维随机变量及其分布, 第4章随机变量的数字特征, 第5章大数定律与中心极限定理, 第6章数理统计的基本概念与抽样分布, 第7章参数估计, 第8章假设检验, 第9章回归分析。 | |
| 333 | @a北大社普通高等教育“十三五”规划教材 | |
| 606 | 0 | @a概率论@Agai lv lun@x高等学校@j教材 |
| 606 | 0 | @a数理统计@Ashu li tong ji@x高等学校@j教材 |
| 690 | @aO21@v5 | |
| 701 | 0 | @a杨宏@Ayang hong@4主编 |
| 701 | 0 | @a孙晋易@Asun jin yi@4主编 |
| 801 | 0 | @aCN@c20250909 |
| 905 | @a河南城建学院图书馆@dO21@eY192@f1 | |
| 概率论与数理统计:基于R语言/主编杨宏, 孙晋易.-北京:北京大学出版社,2025.01 |
| 179页:图;26cm |
| 使用对象:北大社普通高等教育“十三五”规划教材 |
| ISBN 978-7-301-35831-3:CNY45.00 |
| 本书主要章节目录如下: 第1章概率论的基本概念, 第2章随机变量及其分布, 第3章多维随机变量及其分布, 第4章随机变量的数字特征, 第5章大数定律与中心极限定理, 第6章数理统计的基本概念与抽样分布, 第7章参数估计, 第8章假设检验, 第9章回归分析。 |
| ● |
| 相关链接 |
|
|
|
正题名:概率论与数理统计
索取号:O21/Y192
 
预约/预借
| 序号 | 登录号 | 条形码 | 馆藏地/架位号 | 状态 | 备注 |
| 1 | 1627107 | 216271077 | 自科库401/401自科库 46排7列4层/ [索取号:O21/Y192] | 在馆 |